Mongol'skie rukopisi i ksilografy postupivšie v Aziatskij Muzej Rossijskoj Akademii Nauk ot professora A. D. Rudneva

Elmentve itt :
Bibliográfiai részletek
Szerző: Vladimircov Boris Âkovlevič
További közreműködők: Rudnev Andrej Dimitrevič
Dokumentumtípus: Cikk
Megjelent: 1918
Sorozat:Izvestiâ Rossijskoj Akademii Nauk
Kulcsszavak:Kéziratok - mongol
Tárgyszavak:
Online Access:http://misc.bibl.u-szeged.hu/65209
LEADER 00915nab a2200253 i 4500
001 misc65209
005 20241003143624.0
008 230908s1918 hu o 000 rus d
040 |a SZTE Miscellanea Repozitórium  |b hun 
041 |a rus 
041 |a mon 
100 1 |a Vladimircov Boris Âkovlevič 
245 1 0 |a Mongol'skie rukopisi i ksilografy postupivšie v Aziatskij Muzej Rossijskoj Akademii Nauk ot professora A. D. Rudneva  |h [elektronikus dokumentum] /  |c  Vladimircov Boris Âkovlevič 
260 |c 1918 
300 |a 1549-1568  |c 27 cm 
300 |a [20]. p.  |c 27 cm 
490 0 |a Izvestiâ Rossijskoj Akademii Nauk 
561 |a Németh Gyula hagyaték 
591 |a NOA 6378 
650 4 |a Bölcsészettudományok 
650 4 |a Nyelvek és irodalom 
695 |a Kéziratok - mongol 
700 0 1 |a Rudnev Andrej Dimitrevič 
856 4 0 |u http://misc.bibl.u-szeged.hu/65209/1/6378_noa.pdf  |z Dokumentum-elérés